Riojanos en Indias (Record no. 139143)
[ view plain ]
| 000 -LEADER | |
|---|---|
| campo de control de longitud fija | 00709nam a2200193 4500 |
| 001 - NÚMERO DE CONTROL | |
| campo de control | 139143 |
| 003 - IDENTIFICADOR DE NÚMERO DE CONTROL | |
| campo de control | ES-MaACL |
| 005 - FECHA Y HORA DE LA ÚLTIMA TRANSACCIÓN | |
| campo de control | 20251009173200.0 |
| 007 - CAMPO FIJO DE DESCRIPCIÓN FÍSICA--INFORMACIÓN GENERAL | |
| campo de control de longitud fija | t| |
| 008 - DATOS DE LONGITUD FIJA--INFORMACIÓN GENERAL | |
| campo de control de longitud fija | 070214s1949 sp r ||||1| spa d |
| 100 0# - ENTRADA PRINCIPAL--NOMBRE DE PERSONA | |
| Nombre de persona | Sanz y Díaz, José, |
| Fechas asociadas al nombre | 1907-1988 |
| 9 (RLIN) | 103694 |
| 245 10 - MENCIÓN DEL TÍTULO | |
| Título | Riojanos en Indias |
| Resto del título | : D. Manuel Alfaro, natural de Cervera : (fue padre del famoso general y político liberal ecuatoriano) / |
| Mención de responsabilidad, etc. | por José Sanz y Díaz. |
| 260 ## - PUBLICACIÓN, DISTRIBUCIÓN, ETC. | |
| Lugar de publicación, distribución, etc. | Logroño : |
| Nombre del editor, distribuidor, etc. | [s. n.], |
| Fecha de publicación, distribución, etc. | 1949. |
| 300 ## - DESCRIPCIÓN FÍSICA | |
| Extensión | 6 h., 1 lám. ; |
| Dimensiones | 24 cm. |
| 595 ## - | |
| -- | Separata de: Berceo, año IV, n. 12, p. 366-375. |
| 600 14 - PUNTO DE ACCESO ADICIONAL DE MATERIA--NOMBRE DE PERSONA | |
| Nombre de persona | Alfaro, Manuel Ibo, |
| Fechas asociadas al nombre | 1828-1885 |
| 9 (RLIN) | 171622 |
| 852 ## - LOCALIZACIÓN | |
| Ubicación | ES-MaACL |
| Número de control de estantería | 1904-F-16 |
| Estatus retirado | Estado de pérdida | Estado de daño | No para préstamo | Colección | Biblioteca de origen | Biblioteca actual | Ubicación en estantería | Fecha de adquisición | Fuente de adquisición | Total de préstamos | Signatura topográfica completa | Código de barras | Visto por última vez | Precio de reemplazo | Tipo de ítem Koha |
|---|---|---|---|---|---|---|---|---|---|---|---|---|---|---|---|
| Colección de folletos | Biblioteca del Ateneo de Madrid | Biblioteca del Ateneo de Madrid | Depósito folletos | 17/01/2008 | 1904-F-16 | 1144797 | 23/02/2023 | 23/02/2023 | Folleto |
